002450000a220010900045000410008000000820016000081000028000242450034000522600031000863000012001170010006001290 aSPA04aG 866 F954z1 aFuentes, Carlos (1928-)10aZona sagrada / Carlos Fuentes aMéxico : Siglo Veintiuno a191 PAg11192